El Movimiento indígena ecuatoriano: entre los actores sociales y el sistema político /
El artículo se propone establcer algunas relaciones entre la acción del movimiento indígena ecuatoriano y la crisis política vivida por el país durante 1990-2001. El hilo conductor es la identificación y análisis de las interrelaciones entre la acción colectiva -esfera de desenvolvimiento del movimi...
Gespeichert in:
| 1. Verfasser: | |
|---|---|
| Format: | Text |
| Schlagworte: | |
| Tags: |
Tag hinzufügen
Keine Tags, Fügen Sie den ersten Tag hinzu!
|
MARC
| LEADER | 00000 a a2200000 04500 | ||
|---|---|---|---|
| 001 | 10699 | ||
| 003 | |||
| 040 | |||
| 100 | |a Barrera, Augusto | ||
| 245 | |a El Movimiento indígena ecuatoriano: |b entre los actores sociales y el sistema político / |c Augusto Barrera | ||
| 520 | |a El artículo se propone establcer algunas relaciones entre la acción del movimiento indígena ecuatoriano y la crisis política vivida por el país durante 1990-2001. El hilo conductor es la identificación y análisis de las interrelaciones entre la acción colectiva -esfera de desenvolvimiento del movimiento social, su racionalidad estrátegica y sus dinámicas de construcción identitaria- y, el régimen político- sistema de relaciones entre gobernantes y gobernados-, en un contexto de crisis política | ||
| 650 | |a SISTEMAS POLITICOS | ||
| 650 | |a POBLACION INDIGENA | ||
| 650 | |a CONFLICTOS SOCIALES | ||
| 650 | |a LIBERALIZACION ECONOMICA | ||
| 650 | |a MOVIMIENTOS SOCIALES | ||
| 650 | |a PARTICIPACION POLITICA | ||
| 650 | |a ESTADO | ||
| 773 | |g número 182; páginas 90-105 | ||
| 999 | |c 30292 |d 30292 | ||
